Biological trace element research.

Bibliographic Details
Uniform Title:Biological trace element research (Online)
Format: Journal
Language:English
Published: [Totowa, N.J.] : Humana Press
Subjects:
Online Availability: Check for online availability

MARC

Tag First Indicator Second Indicator Subfields
LEADER 00000cas a2200000Ia 4500
001 in00004496621
005 20191203131001.0
006 m d
007 cr cn --------
008 010608c19799999njuzx p s 0 a0eng d
022 |a 1559-0720  |y 0163-4984 
035 |a (OCoLC)ocm47094574 
035 |z (UtOrBLW)34525 
035 |a 50721 
040 |a F#A  |c F#A  |d OCLCQ  |d UtOrBLW 
049 |a TMVM 
060 4 |a QU 130.5 
130 0 |a Biological trace element research (Online) 
245 1 0 |a Biological trace element research. 
264 1 |a [Totowa, N.J.] :  |b Humana Press 
310 |a Eighteen issues yearly 
336 |a text  |2 rdacontent  |b txt 
337 |a computer  |2 rdamedia 
338 |a online resource  |2 rdacarrier  |b cr 
362 1 |a Coverage as of Sept. 14, 2009: Vol. 1, no. 1 (Mar. 1979)- 
500 |a Description based on: Volume 1, number 1 (Mar. 1979); title from general information screen (viewed Sept. 14, 2009). 
506 |a This title is restricted to authorized TAMU and TAMHSC users. 
506 |a Coverage as of Sept. 14, 2009: (FULL TEXT) Vol. 1, no. 1 (Mar. 1979)- 
516 |a Abstracts, tables of contents, and citation information are HTML encoded; articles are available in portable document format (PDF). 
530 |a Online version of the print title: Biological trace element research. 
538 |a Mode of access: World Wide Web. 
500 |a Electronic resource. 
650 2 |a Trace Elements. 
655 2 |a Periodicals. 
776 1 |t Biological trace element research (Print)  |x 0163-4984  |w (DLC) 80641715  |w (OCoLC)4395472 
948 |a Springer 
948 |a Permission from publisher to register Temple IPs, despite single location restriction. 7/7/03 hg 
948 |a Moved from Humana Press to Springer as of 02/01/08. 01/30/08 TR 
948 |a Also accessible through Ingenta (1997-2007), 3/1/08 TR 
948 |a MSL2008 
948 |a MSL2009, EBSCO title 122-682-057 (print+online) 
948 |a MSL2010; EBSCO Renewal - convert to online only, 122-682-099 (c/u=$21.98) 
948 |a Access verified 9/14/09 tc 
999 |a MARS 
999 f f |s 0dfbe43c-cc9d-3877-8137-8c296b0a11ec  |i 076d02e4-2609-36ac-ba05-290cadd980a1  |t 0 
952 f f |a Texas A&M University  |b College Station  |c Electronic Resources  |d Available Online  |t 0  |e Online Journal  |h Other scheme 
998 f f |a Online Journal  |t 0  |l Available Online